| 000 | 00713nas a2200253 4500 | ||
|---|---|---|---|
| 001 | BR9101206 | ||
| 003 | BR-BrBNA | ||
| 005 | 20231205091953.0 | ||
| 007 | ta | ||
| 008 | 230509b bl.|||p| |||| 00| 00por d | ||
| 040 |
_aBR-BrBNA _bpor _cBiblioteca Nacional de Agricultura |
||
| 041 | _a(Pt) | ||
| 072 | _aF01 | ||
| 100 | 1 | _aCosta, N. de L. | |
| 100 | 1 | _aPaula, J.R.F. de | |
| 100 | 1 | _aFernandes, R.N. | |
| 100 | 1 | _aJacques, A.V.A. | |
| 245 | 1 | _aSiratro: producao e manejo | |
| 650 | _aSIRATRO | ||
| 650 | _aPRATICA CULTURAL | ||
| 773 | 0 |
_tLavoura Arrozeira (Brazil) _xISSN 0023-9143 _g(Jan-Feb 1985), v. 38(356) p. 20-22 _wBR9101206 |
|
| 909 |
_a202311 _bLúcia _c55 _dLúcia Elande |
||
| 942 |
_2AGRIS _n0 _cANA |
||
| 999 |
_c128444 _d128444 |
||